| 000 | 01340nam a22002657a 4500 | ||
|---|---|---|---|
| 999 |
_c10200 _d10200 |
||
| 003 | AR-CdUCM | ||
| 008 | 190329b ||||| |||| 00| 0 spa d | ||
| 040 |
_aMUNICIPALIDAD PROVINCIAL DEL CUSCO _cBIBLIOTECA MUNICIPAL DEL CUSCO |
||
| 041 | _hfre | ||
| 082 |
_a909 / _bL31 |
||
| 100 |
_aLavisse, Ernesto _926911 |
||
| 245 |
_aNovisima Historia Universal : _bde los tiempos prehistóricos hasta nuestros días / |
||
| 260 |
_aValencia : _bPrometeo. |
||
| 300 |
_a11 tomos ; _bilustraciones, planos, figuras, retratos, _c26 cm. |
||
| 500 | _at.9: El Renacimiento y la reforma los nuevos mundos. t.8: Editado en Madrid; Editorial Llorca y C. | ||
| 505 | _aContenido: t.7: La Europa Feudal -- t.8: La monarquía francesa en tiempos de los últimos Capetos directos -- t.9: El Renacimiento y la reforma los nuevos mundos -- La Italia del renacimiento -- Las guerras de Italia -- Francia -- El arte en Europa -- España ... -- t.11: Francia -- La República de Inglaterra -- Luis XIV -- Luis XIV -- La Francia económica -- La iglesia católica ... | ||
| 650 |
_aHistoria Universal _91423 |
||
| 650 |
_aEuropa _91221 |
||
| 650 |
_aAmérica _91348 |
||
| 700 |
_aRambaud, Alfredo (coautor) _926912 |
||
| 700 |
_aBlasco Ibañez, Vicente (traductor) _919576 |
||
| 710 |
_aInstituto de Francia. _926913 |
||
| 942 |
_2ddc _cLIBROS |
||
| 945 | _aachl | ||